The lesson of japanese architecture

Saved in:
Bibliografiske detaljer
Hovedforfatter: Harada, Jiro (Author)
Format: Bog
Sprog:engelsk
Udgivet: Nueva York Dover 1985
Fag:
Tags: Tilføj Tag
Ingen Tags, Vær først til at tagge denne postø!

MARC

LEADER 00000nam a2200000 a 4500
001 UCU9486
003 CL-VaPUC
008 960823e19850000US |||||||||||||||||eng|d
082 0 4 |a 728.37  |b HAR  |2 21 
100 0 |a Harada, Jiro  |e author  |9 368651 
245 1 4 |a The lesson of japanese architecture 
300 |a 192 p 
942 |c BK 
945 |d 19960823 00:00:00  |a rleighto 
260 |a Nueva York  |b Dover  |c 1985 
650 0 |a Arquitectura japonesa   |9 334028 
650 0 |a Casas   |9 348018 
650 7 |a CONSTRUCCIONES  |2 CL-VaPUC  |9 262690 
650 0 |a Diseño arquitectónico   |9 265271 
650 7 |a TECNOLOGIA DE LA CONSTRUCCION  |2 CL-VaPUC  |9 260196 
650 0 |a Planos arquitectónicos  |9 268148 
651 0 |a Japón   |9 260391 
583 |a last modification  |c 20150625 10:51:52  |k Rodrigo Vera 
999 |c 251217  |d 251215 
952 |0 0  |1 0  |4 0  |6 728_370000000000000_HAR_1985  |7 0  |8 P  |9 270237  |a BIBARQ  |b BIBARQ  |d 2019-11-19  |i 3222403  |o 728.37 HAR 1985  |p 3222403  |r 2025-01-20  |w 2019-11-19  |y BK  |k ARQ